El principio nemo pro parte testatus pro parte intestatus decedere potest. Evolución y significado
Guardat en:
| Autor principal: | |
|---|---|
| Format: | Llibre |
| Idioma: | espanyol |
| Publicat: |
Madrid
Dykinson
2006
|
| Col·lecció: | Monografías de Derecho Civil, 6
|
| Matèries: | |
| Etiquetes: |
Afegir etiqueta
Sense etiquetes, Sigues el primer a etiquetar aquest registre!
|
MARC
| LEADER | 00000nam a2200000 a 4500 | ||
|---|---|---|---|
| 001 | UCI3619 | ||
| 003 | CL-VaPUC | ||
| 008 | 071123e20060000SP |||||||||||||||||spa|d | ||
| 020 | |a 9788497728614 | ||
| 082 | 0 | 4 | |a 346.05 |b BOS |2 21 |
| 100 | 0 | |a Bosch Capdevila, Esteve |e author |9 525021 | |
| 245 | 1 | 3 | |a El principio nemo pro parte testatus pro parte intestatus decedere potest. Evolución y significado |
| 300 | |a 154 p | ||
| 942 | |c BK | ||
| 945 | |d 20071123 00:00:00 |a rbrito | ||
| 260 | |a Madrid |b Dykinson |c 2006 | ||
| 650 | 0 | |a Derecho sucesorio |9 255015 | |
| 650 | 0 | |a Derecho romano |9 255930 | |
| 650 | 0 | |a Derecho español |9 255291 | |
| 650 | 0 | |a Código civil |9 256135 | |
| 650 | 0 | |a Testamento |9 258220 | |
| 650 | 0 | |a Herencia |9 256325 | |
| 650 | 0 | |a Herederos |9 357054 | |
| 583 | |a last modification |c 20071123 00:00:00 |k Rodrigo Vera | ||
| 490 | 0 | |a Monografías de Derecho Civil, 6 | |
| 999 | |c 327753 |d 327751 | ||
| 952 | |0 0 |1 0 |4 0 |6 346_050000000000000_BOS_2006 |7 0 |8 DER_ROM |9 411150 |a BIBDER |b BIBDER |d 2019-11-22 |i 4389328 |l 1 |o 346.05 BOS 2006 |p 4389328 |r 2023-01-25 |s 2020-03-17 |w 2019-11-22 |x Ubicación 4to piso |y BK |z Este recurso debe solicitarse con anticipación |k DER | ||